|
|
|
|
| LEADER |
00000nam a2200000 a 4500 |
| 001 |
vtls010266924 |
| 003 |
SK-MaSNL |
| 005 |
20260301031619.0 |
| 007 |
co bg auuua |
| 008 |
180809s2010 xo dbolf 100 0 slo |
| 015 |
|
|
|a SNBS2013
|
| 020 |
|
|
|a 9788080931315
|q (elektronická kniha)
|
| 040 |
|
|
|a SNK
|b slo
|c SNK
|e AACR2
|
| 041 |
0 |
|
|a slo
|a cze
|b eng
|
| 044 |
|
|
|a xo
|c SK
|
| 072 |
|
7 |
|a 630
|x Lesníctvo
|2 konspekt
|
| 080 |
|
|
|a 630.27
|2 2001
|
| 080 |
|
|
|a 712.253
|2 2001
|
| 080 |
|
|
|a 582.091/.097
|2 2001
|
| 080 |
|
|
|a (0.034.44)
|2 2001
|
| 080 |
|
|
|a (062.534)
|2 2001
|
| 245 |
1 |
0 |
|a Arboréta - možnosť prepojenia výskumu, vzdelávania a praxe
|h elektronický zdroj
|b zborník z medzinárodného vedeckého seminára pri príležitosti 110. výročia založenia Lesníckeho arboréta v Kysihýbli pri Banskej Štiavnici
|c editori: Roman Longauer, Igor Binder
|
| 250 |
|
|
|a [1. vyd.]
|
| 260 |
|
|
|a Zvolen
|b Národné lesnícke centrum
|c 2010
|
| 300 |
|
|
|a 1 elektronický optický disk (CD-ROM)
|b fotogr., grafy, mp., sch., tab.
|c 12 cm
|
| 500 |
|
|
|a Názov z titulnej obrazovky
|
| 504 |
|
|
|a Bibliogr. odkazy
|
| 516 |
|
|
|a Textový dokument (zborník), 1 súbor vo formáte pdf
|
| 538 |
|
|
|a Technické požiadavky: PDF prehliadač
|
| 546 |
|
|
|a Čiast. text aj čes.; res. angl.
|
| 610 |
2 |
7 |
|a Lesnícke arborétum (Kysihýbel, Banský Studenec, Slovensko)
|2 SNKKA
|9 201680
|
| 650 |
0 |
7 |
|a arboréta
|2 SNKPH
|9 91047
|
| 650 |
0 |
7 |
|a parky
|2 SNKPH
|9 2942
|
| 650 |
0 |
7 |
|a dreviny
|2 SNKPH
|9 18801
|
| 650 |
0 |
7 |
|a Arboretums
|2 SNKPHeng
|9 324758
|
| 650 |
0 |
7 |
|a Parks
|2 SNKPHeng
|9 327410
|
| 650 |
0 |
7 |
|a Woody plants
|2 SNKPHeng
|9 324759
|
| 655 |
|
7 |
|a zborníky konferencií
|2 SNKPH
|9 70153
|
| 655 |
|
7 |
|a elektronické zdroje
|2 SNKPH
|9 90954
|
| 655 |
|
7 |
|a CD-ROM
|2 SNKPH
|9 70236
|
| 655 |
|
7 |
|a Electronic resources
|2 SNKPHeng
|9 175546
|
| 655 |
|
7 |
|a Proceedings of conferences
|2 SNKPHeng
|9 265791
|
| 700 |
1 |
|
|a Longauer, Roman
|4 edt
|9 11258
|
| 700 |
1 |
|
|a Binder, Igor
|4 edt
|9 327411
|
| 852 |
|
|
|a Štátna vedecká knižnica v Banskej Bystrici
|
| 919 |
|
|
|a 978-80-8093-131-5
|
| 958 |
|
|
|a NB
|
| 999 |
|
|
|c 577012
|d 578942
|
| 952 |
|
|
|a SNK
|b SNK
|y PREZ
|7 0
|p 17A0695232
|o snkSCDM 3621
|i snk2011/7134
|8 0
|0 0
|1 0
|4 0
|d 2011-03-29
|l 0
|r 2026-02-23 14:37:05
|w 2026-02-23
|
| 952 |
|
|
|t snkARB 630.27
|a SNKMST
|b SNKMST
|y PREZ
|7 0
|p 17A0695233
|o snkSCDM 3621 D1
|i snk2011/7135
|8 0
|0 0
|1 0
|4 0
|d 2011-03-29
|l 0
|r 2025-08-12 00:00:00
|w 2026-02-23
|